000 01760nam0a2200301 4500
001 RU\NLR\bibl\1695210
005 20260407094335.0
021 _aRU
_b2010-75604
_95026
035 _a(NLR Aleph) 001686312
090 _a1132881
_c1132881
100 _a20101108d2010 |||y0rusy50 ca
101 0 _arus
102 _aRU
105 _ay |||||||||
200 1 _aОрганизация обслуживания
_eучебно-методическое пособие для студентов очной и заочной форм обучения и ФДО специальностей 100103 "Социально-культурный сервис и туризм" и 100201 "Туризм"
_fМ-во образования и науки Рос. Федерации, Гос. образоват. учреждение высш. проф. образования "Южно-Рос. гос. ун-т экономики и сервиса" (ГОУ ВПО "ЮРГУЭС")
_g[сост.: к.э.н., доц. О.С. Мысова]
210 _aШахты
_cЮРГУЭС
_d2010
215 _a43 с.
_d21
320 _aБиблиогр.: с. 42 (14 назв.)
606 1 _aТуристы
_jУчебно-методические пособия для высших учебных заведений
_xОбслуживание
_91805569
_3RU\NLR\auth\66813868
686 _aЧ518.14(2)я73
702 1 _aМысова
_bО. С.
_gОльга Сергеевна
_4220
712 0 2 _4570
_aЮжно-Российский государственный университет экономики и сервиса
_cШахты
_9333515
_3RU\NLR\AUTH\889918691
801 0 _aRU
_bNLR
_c20101108
_gRCR
801 1 _aRU
_bNLR
_c20101108
942 _cBOOK
980 _aNB
980 _aNBR